000 00830nab a2200253 u 4500
001 17812
003 HDC
007 cr bn ---aaaaa
008 210225c |r|noo 0 a d
040 _aHDC
100 _aHadi DP Mahmud,
_eauthor
_916492
245 0 _aHalalpedia to help boost Brunei's Halal brand /
_cby Hadi DP Mahmud
260 _aBrunei :
_bBrunei Times PLC,
_c2008
336 _atext
_2rdacontent
337 _acomputer
_2rdamedia
338 _aonline resource
_2rdacarrier
650 _aHalal brand
_9519
650 _aHalalpedia
_917007
710 _aThe Brunei Times
856 _zRequest full-text at [email protected]
942 _2lcc
942 _cNEWS
942 _kNWSO 009483
999 _c15128
_d15128